|
|
|
|
| LEADER |
00000nab#a22000007a#4500 |
| 001 |
arbauad006423 |
| 003 |
AR-BaUAD |
| 005 |
20250711110754.0 |
| 008 |
941104|||||||||###||||||b###|0###a|spa|| |
| 040 |
|
|
|a AR-BaUAD
|c AR-BaUAD
|b spa
|
| 100 |
|
|
|a Breyer, Gastón
|
| 245 |
|
|
|a El lugar y el sitio de los colores :
|b para una tópica cromática /
|c Gastón Breyer;
|
| 300 |
0 |
|
|b gráf., il.
|
| 653 |
|
|
|a TEORIA
|
| 653 |
|
|
|a COLOR
|
| 773 |
0 |
|
|t Summa
|g no. 263 [jul. 1989], p. 46-51
|
| 942 |
|
|
|c ARTI
|
| 952 |
|
|
|0 0
|1 0
|4 0
|7 0
|9 51343
|a AR-BAuAD
|b AR-BAuAD
|d 2025-07-11
|l 0
|p AAQA006423
|r 2025-07-11 11:07:54
|w 2025-07-11
|y ARTI
|
| 990 |
|
|
|a DG198
|b TD
|
| 998 |
|
|
|a AAQ
|b BIBUN76
|
| 999 |
|
|
|c 31016
|d 31016
|